000 00648nam a2200241Ia 4500
003 OSt
005 20221005124511.0
006 a|||||r|||| 00| 0
007 ta
008 221004b |||||||| |||| 00| 0 mal d
024 _a54266
037 _cTextual
040 _aCRL
_cCRL
_bmal
041 _2mal
_amal
082 _aO32,1M681:g, L7
100 _aNamboodiri P. K. Aryan Au.
_9635343
245 0 _aNaduvamkavikal
260 _c1977
650 _a MALAYALAM POETRY
_9185636
650 _aMALAYALAM LITERATURE
_938866
942 _hO32,1M681:g, L7
_cTEXL
_2cc
999 _c1050689
_d1050689